02742nab a2200217 i 4500003000900000005001700009008004100026040001800067072000800085100002500093100002100118245010000139500006600239520192000305650001302225650001002238650001402248650001602262773016802278856007802446BR-BrBNA20250711121839.0250711b2019 bl.ar|pooa||| 00| 0 eng | aBR-BrBNAbeng aF70 aZelenski, Andréia  aLouzada, Rafael  aThe genera Turnera and Piriqueta (Passifloraceae sensu lato) in the state of Pernambuco, Brazil aPublicação on-line; 28 ref.; 8 illus.; Summaries (En, Pt) a Abstract A taxonomic treatment of the genera Turnera and Piriqueta in the state of Pernambuco, northeastern Brazil, is presented. Fourteen species of Turnera and six species of Piriqueta were found in the Atlantic Forest and Caatinga, of which nine are endemic to Brazil. Turnera pernambucensis is threatened and restricted to the Atlantic Forest of Pernambuco, while T. joelii is a new record for the state. The species predominate in steppe savanna and semideciduous seasonal forest, but several of them grow naturally in anthropized areas. Catimbau National Park is the locality with the highest species richness. Tristyly is recorded for the first time in Piriqueta guianensis. Identification keys, descriptions, illustrations, distribution maps, and comments about habitat, flowering, fruiting, and morphological relationships are provided. Key words: Caatinga, flora, Malpighiales, taxonomy, Turneraceae. Resumo É apresentado um tratamento taxonômico dos gêneros Tunera e Piriqueta no estado de Pernambuco, nordeste do Brasil. Quatorze espécies de Turnera e seis espécies de Piriqueta foram encontradas na Floresta Atlântica e Caatinga, das quais nove são endêmicas do Brasil. Turnera pernambucensis é ameaçada e restrita à Floresta Atlântica de Pernambuco, enquanto T. joelii é um novo registro para o estado. As espécies predominam na savana estépica e floresta estacional semidecidual, mas várias crescem naturalmente em áreas antropizadas. O Parque Nacional do Catimbau é a localidade com a maior riqueza de espécies. Tristilia é registrada pela primeira vez em Piriqueta guianensis. São fornecidas chaves de identificação, descrições, ilustrações, mapas de distribuição e comentárioas sobre habitats, floração, frutificação e relações morfológicas. Palavras-chave: Caatinga, flora, Malpighiales, taxonomia, Turneraceae.  aCAATINGA aFLORA aTAXONOMIA aTURNERACEAE0 0709dRio de Janeiro-RJ Jardim Botanico do Rio de Janeiro 1935o2025-3977tRodriguésia (Brazil)x0370-6583; 2175-7860 on-linegv. 70 p. 1-24; (2019)wBR2025003196 uhttps://www.scielo.br/j/rod/a/nfSRpFyR8npTxDX5kBW6rsF/?format=pdf&lang=en